[Event "HUN-chT2 Erkel 2324"]
[Site "Hunagry"]
[Date "2024.04.21"]
[Round "8.7"]
[White "Centgraf, Jozsef"]
[Black "Szollosi, Laszlo"]
[Result "1/2-1/2"]
[WhiteElo "2104"]
[BlackElo "2043"]
[PlyCount "23"]
[EventDate "2023.10.08"]
[EventType "team-tourn"]
[EventRounds "9"]
[EventCountry "HUN"]
[SourceTitle "EXT 2025"]
[Source "ChessBase"]
[SourceDate "2024.10.14"]
[SourceVersion "1"]
[SourceVersionDate "2024.10.14"]
[SourceQuality "1"]
[WhiteTeam "EUTender Sinus"]
[BlackTeam "Dunaharaszti II"]
[WhiteTeamCountry "HUN"]
[BlackTeamCountry "HUN"]

1. Nf3 Nf6 2. d4 d5 3. c4 e6 4. Nc3 c6 5. e3 Bd6 6. Bd3 Nbd7 7. 0-0 0-0 8. cxd5 exd5 9. b3 Re8 10. Bb2 Nf8 11. h3 Bd7 12. Qc2 1/2-1/2

[Event "HUN-chT2 Erkel 2223"]
[Site "Hungary"]
[Date "2023.04.23"]
[Round "9.7"]
[White "Mester, Attila"]
[Black "Centgraf, Jozsef"]
[Result "1/2-1/2"]
[WhiteElo "1955"]
[BlackElo "2108"]
[PlyCount "22"]
[EventDate "2022.11.20"]
[EventType "team-tourn"]
[EventRounds "9"]
[EventCountry "HUN"]
[SourceTitle "EXT 2025"]
[Source "ChessBase"]
[SourceDate "2024.10.14"]
[SourceVersion "1"]
[SourceVersionDate "2024.10.14"]
[SourceQuality "1"]
[WhiteTeam "Fot"]
[BlackTeam "EUTender Sinus"]
[WhiteTeamCountry "HUN"]
[BlackTeamCountry "HUN"]

1. e4 c5 2. Nf3 e6 3. d4 cxd4 4. Nxd4 a6 5. Nc3 Qc7 6. Bd3 Nf6 7. 0-0 Be7 8. Qe2 d6 9. Kh1 Nbd7 10. f4 b5 11. a3 Bb7 1/2-1/2

[Event "HUN-chT2 Erkel 2223"]
[Site "Hungary"]
[Date "2023.03.12"]
[Round "7.5"]
[White "Medve, Mark"]
[Black "Centgraf, Jozsef"]
[Result "1/2-1/2"]
[WhiteElo "2089"]
[BlackElo "2113"]
[PlyCount "22"]
[EventDate "2022.11.20"]
[EventType "team-tourn"]
[EventRounds "9"]
[EventCountry "HUN"]
[SourceTitle "EXT 2025"]
[Source "ChessBase"]
[SourceDate "2024.10.14"]
[SourceVersion "1"]
[SourceVersionDate "2024.10.14"]
[SourceQuality "1"]
[WhiteTeam "Dunaharaszti II"]
[BlackTeam "EUTender Sinus"]
[WhiteTeamCountry "HUN"]
[BlackTeamCountry "HUN"]

1. d4 Nf6 2. c4 e6 3. Nc3 Bb4 4. Qc2 d5 5. e3 Nbd7 6. a3 Be7 7. Nf3 0-0 8. c5 c6 9. Bd3 Qc7 10. e4 dxe4 11. Nxe4 h6 1/2-1/2

[Event "HUN-chT2 Erkel 1718"]
[Site "Hungary"]
[Date "2017.12.17"]
[Round "6.5"]
[White "Centgraf, Jozsef"]
[Black "Koszegi, Lajos"]
[Result "1-0"]
[WhiteElo "2149"]
[BlackElo "2067"]
[PlyCount "87"]
[EventDate "2017.09.24"]
[EventType "team-tourn"]
[EventRounds "11"]
[EventCountry "HUN"]
[SourceTitle "EXT 2021"]
[Source "ChessBase"]
[SourceDate "2020.10.23"]
[SourceVersion "1"]
[SourceVersionDate "2020.10.23"]
[SourceQuality "1"]
[WhiteTeam "Sarkany DSE"]
[BlackTeam "Szada GSBE"]
[WhiteTeamCountry "HUN"]
[BlackTeamCountry "HUN"]

1. e4 c5 2. Nc3 Nc6 3. g3 g6 4. Bg2 Bg7 5. d3 e6 6. Be3 Nd4 7. Nce2 Ne7 8. c3 Nxe2 9. Nxe2 d6 10. Qd2 Qb6 11. d4 Nc6 12. 0-0 cxd4 13. Nxd4 Nxd4 14. cxd4 0-0 15. a4 d5 16. a5 Qd6 17. e5 Qd8 18. Rfc1 a6 19. Bh6 Bd7 20. h4 Bb5 21. Bh3 Qd7 22. Bxg7 Kxg7 23. Qf4 Qe7 24. Rc5 Rac8 25. Rac1 Rc6 26. Rxc6 bxc6 27. Rc3 Rb8 28. b3 Qd8 29. Rf3 Rb7 30. Qd2 Qe7 31. h5 c5 32. dxc5 Qxc5 33. Rc3 Qf8 34. Qc1 Rb8 35. Rc7 Kg8 36. h6 Qd8 37. Qc5 Qf8 38. Qc1 Qe8 39. Qc5 Qf8 40. Qc1 Qe8 41. Qg5 Qf8 42. Qf6 Be8 43. Bxe6 Qxh6 44. Bxf7+ 1-0

[Event "HUN-chT2 Erkel 1718"]
[Site "Hungary"]
[Date "2017.11.26"]
[Round "4.6"]
[White "Szabo, Janos"]
[Black "Centgraf, Jozsef"]
[Result "0-1"]
[WhiteElo "2020"]
[BlackElo "2149"]
[PlyCount "90"]
[EventDate "2017.09.24"]
[EventType "team-tourn"]
[EventRounds "11"]
[EventCountry "HUN"]
[SourceTitle "EXT 2021"]
[Source "ChessBase"]
[SourceDate "2020.10.23"]
[SourceVersion "1"]
[SourceVersionDate "2020.10.23"]
[SourceQuality "1"]
[WhiteTeam "Budapest MAFC"]
[BlackTeam "Sarkany DSE"]
[WhiteTeamCountry "HUN"]
[BlackTeamCountry "HUN"]

1. e4 c5 2. c3 e6 3. g3 d5 4. e5 Nc6 5. f4 f6 6. Qe2 Nh6 7. Bg2 fxe5 8. fxe5 Be7 9. Nf3 0-0 10. d3 Nf5 11. Nbd2 Bd7 12. Nf1 Be8 13. Ne3 Bg6 14. Nxf5 Bxf5 15. h3 b5 16. 0-0 c4 17. Ne1 Qc7 18. d4 b4 19. h4 bxc3 20. bxc3 Qa5 21. Bd2 Rab8 22. g4 Bb1 23. Rxf8+ Bxf8 24. Qe3 Qd8 25. g5 Ne7 26. Bh3 Bf5 27. Ng2 Rb2 28. Rd1 Rxa2 29. Nf4 Qd7 30. Qg3 Bxh3 31. Qxh3 Nf5 32. g6 hxg6 33. Nxg6 Qa4 34. Qg4 Ra1 35. Rxa1 Qxa1+ 36. Kf2 Qh1 37. Nf4 Be7 38. Qg6 Bxh4+ 39. Ke2 Ng3+ 40. Ke3 Nf5+ 41. Ke2 Ng3+ 42. Ke3 Qg1+ 43. Kf3 Qd1+ 44. Kg2 Qf1+ 45. Kh2 Qh1# 0-1

[Event "HUN-chT2 Erkel 1718"]
[Site "Hungary"]
[Date "2017.10.29"]
[Round "3.4"]
[White "Centgraf, Jozsef"]
[Black "Gallai, Janos"]
[Result "1-0"]
[WhiteElo "2149"]
[BlackElo "2193"]
[PlyCount "107"]
[EventDate "2017.09.24"]
[EventType "team-tourn"]
[EventRounds "11"]
[EventCountry "HUN"]
[SourceTitle "EXT 2021"]
[Source "ChessBase"]
[SourceDate "2020.10.23"]
[SourceVersion "1"]
[SourceVersionDate "2020.10.23"]
[SourceQuality "1"]
[WhiteTeam "Sarkany DSE"]
[BlackTeam "Salgotarjan"]
[WhiteTeamCountry "HUN"]
[BlackTeamCountry "HUN"]

1. e4 c5 2. Nc3 Nc6 3. Nf3 e5 4. Bc4 d6 5. d3 Be7 6. h3 Be6 7. Be3 Qd7 8. Qd2 Bxc4 9. dxc4 Nd4 10. Nh2 Nf6 11. f3 h6 12. a4 Nh7 13. 0-0 g5 14. Nd5 h5 15. Ra3 0-0 16. Rd1 Bd8 17. Bf2 Ne6 18. Ne3 Bc7 19. Nf5 Rad8 20. h4 f6 21. Nf1 Nd4 22. N1e3 Kh8 23. c3 Ne6 24. Nd5 Bb8 25. a5 Rg8 26. a6 b6 27. b4 Rge8 28. b5 Qf7 29. Rda1 Rd7 30. R3a2 Red8 31. Be3 Nf4 32. Bxf4 exf4 33. Kf2 Nf8 34. Rh1 Ne6 35. g3 fxg3+ 36. Nxg3 Rg8 37. Nf5 Rg6 38. Raa1 Ng7 39. Rag1 Ne6 40. hxg5 Rxg5 41. f4 Rxg1 42. Rxg1 Rd8 43. Qe2 Rf8 44. Rh1 Ng7 45. Nxg7 Kxg7 46. Rxh5 Re8 47. Ne3 Rg8 48. Qg4+ Kf8 49. Qc8+ Qe8 50. Qxe8+ Kxe8 51. Rh7 Kd8 52. Nd5 Rf8 53. Rb7 Kc8 54. Ne7+ 1-0

[Event "HUN-chT2 Erkel 1718"]
[Site "Hungary"]
[Date "2017.09.24"]
[Round "1.5"]
[White "Kormos, Adam"]
[Black "Centgraf, Jozsef"]
[Result "1-0"]
[WhiteElo "2160"]
[BlackElo "2149"]
[PlyCount "81"]
[EventDate "2017.09.24"]
[EventType "team-tourn"]
[EventRounds "11"]
[EventCountry "HUN"]
[SourceTitle "EXT 2021"]
[Source "ChessBase"]
[SourceDate "2020.10.23"]
[SourceVersion "1"]
[SourceVersionDate "2020.10.23"]
[SourceQuality "1"]
[WhiteTeam "Budapest EAC"]
[BlackTeam "Sarkany DSE"]
[WhiteTeamCountry "HUN"]
[BlackTeamCountry "HUN"]

1. e4 c5 2. Nf3 Nc6 3. d4 cxd4 4. Nxd4 Nf6 5. Nc3 d6 6. Be3 Bd7 7. Qd2 Ng4 8. 0-0-0 Nxe3 9. Qxe3 Nxd4 10. Qxd4 a6 11. Nd5 e5 12. Qb6 Qxb6 13. Nxb6 Rd8 14. Bc4 Bc6 15. Bd5 Be7 16. Rd3 h5 17. h4 Bxd5 18. Rxd5 g5 19. hxg5 Bxg5+ 20. Kb1 h4 21. Rd3 Rh6 22. a4 Rb8 23. Nc4 Rd8 24. Rhd1 Be7 25. Rb3 Rg6 26. g3 hxg3 27. fxg3 Rd7 28. Na5 Bd8 29. Nxb7 Bc7 30. Rbd3 a5 31. Nc5 Rd8 32. Nb3 Rg4 33. Nd2 Ke7 34. Rc3 Bb8 35. Rf1 Rdg8 36. Rff3 Rh8 37. Rb3 Bc7 38. Rb7 Rc8 39. Nc4 Rxe4 40. Nb6 Kd8 41. Rxf7 1-0

[Event "HUN-chT2 Erkel 1617"]
[Site "Hungary"]
[Date "2016.10.09"]
[Round "2.5"]
[White "Pal, Geza"]
[Black "Centgraf, Jozsef"]
[Result "1/2-1/2"]
[WhiteElo "2204"]
[BlackElo "2131"]
[PlyCount "20"]
[EventDate "2016.09.25"]
[EventType "team-tourn"]
[EventRounds "11"]
[EventCountry "HUN"]
[SourceTitle "EXT 2021"]
[Source "ChessBase"]
[SourceDate "2020.10.23"]
[SourceVersion "1"]
[SourceVersionDate "2020.10.23"]
[SourceQuality "1"]
[WhiteTeam "Fot"]
[BlackTeam "Sarkany DSE"]
[WhiteTeamCountry "HUN"]
[BlackTeamCountry "HUN"]

1. d4 Nf6 2. c4 c5 3. d5 d6 4. Nf3 g6 5. Nc3 Bg7 6. e4 0-0 7. Be2 Bg4 8. 0-0 a6 9. Re1 Nbd7 10. Rb1 Rb8 1/2-1/2

[Event "HUN-chT2 Breyer 1516"]
[Site "Hungary"]
[Date "2015.11.29"]
[Round "5.7"]
[White "Centgraf, Jozsef"]
[Black "Szinavel, Zsolt"]
[Result "0-1"]
[WhiteElo "2152"]
[BlackElo "2102"]
[PlyCount "92"]
[EventDate "2015.09.13"]
[EventType "team-tourn"]
[EventRounds "11"]
[EventCountry "HUN"]
[SourceTitle "CBM 170 Extra"]
[Source "ChessBase"]
[SourceDate "2016.02.25"]
[SourceVersion "1"]
[SourceVersionDate "2016.02.25"]
[SourceQuality "1"]
[WhiteTeam "Sarkany DSE"]
[BlackTeam "Kisber Aszar"]
[WhiteTeamCountry "HUN"]
[BlackTeamCountry "HUN"]

1. e4 c5 2. Nf3 e6 3. d4 cxd4 4. Nxd4 Nf6 5. Bd3 Nc6 6. Nxc6 dxc6 7. Nc3 e5 8. 0-0 Qc7 9. Be3 Be6 10. h3 Bd6 11. Ne2 Nh5 12. Ng3 Nxg3 13. fxg3 Qe7 14. Kh2 Bc5 15. Bd2 0-0 16. Qh5 f6 17. a3 Rad8 18. Rad1 Qf7 19. Qe2 Rd7 20. g4 Qe7 21. Rf3 b5 22. Rdf1 Rfd8 23. Rg3 h6 24. Bc1 Rf8 25. Rgf3 Rdd8 26. Qe1 Qe8 27. Qe2 Qd7 28. Qe1 Kh7 29. Rg3 Qe8 30. Qe2 Qd7 31. b4 Be7 32. Be3 Ra8 33. h4 g5 34. Rf5 Bxf5 35. exf5 Kg7 36. Be4 a5 37. Bd2 axb4 38. Rd3 Qc7 39. axb4 Rad8 40. Qf3 Rxd3 41. cxd3 c5 42. bxc5 Bxc5 43. Qd1 Qd6 44. Bc3 b4 45. Bb2 Bd4 46. Bxd4 exd4+ 0-1

[Event "HUN-chT2 Breyer 1516"]
[Site "Hungary"]
[Date "2015.10.18"]
[Round "3.7"]
[White "Centgraf, Jozsef"]
[Black "Molnar, Laszlo"]
[Result "0-1"]
[WhiteElo "2171"]
[BlackElo "2037"]
[PlyCount "90"]
[EventDate "2015.09.13"]
[EventType "team-tourn"]
[EventRounds "11"]
[EventCountry "HUN"]
[SourceTitle "CBM 170 Extra"]
[Source "ChessBase"]
[SourceDate "2016.02.25"]
[SourceVersion "1"]
[SourceVersionDate "2016.02.25"]
[SourceQuality "1"]
[WhiteTeam "Sarkany DSE"]
[BlackTeam "Naszaly Geniusz Tata"]
[WhiteTeamCountry "HUN"]
[BlackTeamCountry "HUN"]

1. Nf3 Nf6 2. g3 g6 3. b3 Bg7 4. Bb2 0-0 5. c4 d6 6. Bg2 e5 7. 0-0 c6 8. Nc3 Nbd7 9. d4 e4 10. Ne1 d5 11. cxd5 cxd5 12. f3 exf3 13. exf3 Re8 14. Qd2 Nf8 15. Nd3 Ne6 16. Ne5 Qb6 17. Na4 Qd6 18. Rac1 Bd7 19. Nxd7 Nxd7 20. f4 f5 21. Nc5 b6 22. Nxd7 Qxd7 23. h3 Rac8 24. Rfe1 Rxc1 25. Rxc1 Nc7 26. a4 Rd8 27. Qb4 Ne8 28. Qb5 Nf6 29. Qxd7 Rxd7 30. Bf3 Kf7 31. g4 Ne4 32. Rc6 Ke7 33. Be2 Kd8 34. gxf5 gxf5 35. Bh5 Rc7 36. Rxc7 Kxc7 37. Bf7 Kd6 38. Ba3+ Kc6 39. Bb2 Nd2 40. Be8+ Kd6 41. Ba3+ Ke6 42. b4 Bxd4+ 43. Kg2 Nc4 44. Bc1 Bc3 45. b5 Bb2 0-1

[Event "HUN-chT2 Breyer 1415"]
[Site "Hungary"]
[Date "2015.02.08"]
[Round "8.3"]
[White "Centgraf, Jozsef"]
[Black "Teglas, Marton"]
[Result "1-0"]
[WhiteElo "2158"]
[BlackElo "2144"]
[PlyCount "116"]
[EventDate "2014.09.07"]
[EventType "team-tourn"]
[EventRounds "11"]
[EventCountry "HUN"]
[SourceTitle "EXT 2016"]
[Source "ChessBase"]
[SourceDate "2015.10.08"]
[SourceVersion "1"]
[SourceVersionDate "2015.10.08"]
[SourceQuality "1"]
[WhiteTeam "Sarkany DSE"]
[BlackTeam "Pestszentlorinc"]
[WhiteTeamCountry "HUN"]
[BlackTeamCountry "HUN"]

1. Nf3 Nf6 2. g3 d5 3. c4 dxc4 4. Qa4+ Bd7 5. Qxc4 Bc6 6. Bg2 e6 7. 0-0 Nbd7 8. d4 Be7 9. Nc3 0-0 10. Qd3 b6 11. e4 Bb7 12. Rd1 Bb4 13. e5 Nd5 14. Ng5 g6 15. Nxd5 Bxd5 16. Bxd5 exd5 17. e6 fxe6 18. Nxe6 Qf6 19. Nxf8 Rxf8 20. Be3 Bd6 21. Rac1 Qe6 22. Re1 Qh3 23. Qf1 Qh5 24. Qe2 Qh3 25. Bg5 h6 26. Bd2 Rf6 27. Rc3 c5 28. Rf3 cxd4 29. Rxf6 Nxf6 30. Qd3 Kh7 31. Qf3 Kg7 32. a3 Ng4 33. Qg2 Qh5 34. h3 Ne5 35. g4 Qh4 36. Qxd5 Qf6 37. f4 Nd3 38. Re6 Qh4 39. Rxg6+ Kxg6 40. Qxd6+ Qf6 41. f5+ Kf7 42. Qd7+ Kf8 43. Qc8+ Kg7 44. Qd7+ Kh8 45. Qe8+ Kg7 46. Qe2 Ne5 47. Bf4 Nc6 48. b4 Kh7 49. Qe4 a6 50. Kg2 b5 51. Kg3 d3 52. Qxd3 Qa1 53. Qd7+ Kh8 54. Qe8+ Kh7 55. Qf7+ Kh8 56. Qf8+ Kh7 57. Qxh6+ Kg8 58. Kh4 Qe1+ 1-0

[Event "HUN-chT2 Charousek 1314"]
[Site "Hungary"]
[Date "2014.04.13"]
[Round "10"]
[White "Ivan, Zoltan"]
[Black "Centgraf, Jozsef"]
[Result "1/2-1/2"]
[WhiteElo "2174"]
[BlackElo "2218"]
[PlyCount "30"]
[EventDate "2013.09.08"]
[EventType "team-tourn"]
[EventRounds "11"]
[EventCountry "HUN"]
[SourceTitle "EXT 2016"]
[Source "ChessBase"]
[SourceDate "2015.10.08"]
[SourceVersion "1"]
[SourceVersionDate "2015.10.08"]
[SourceQuality "1"]
[WhiteTeam "Komlo Banyasz"]
[BlackTeam "Budapest EAC"]
[WhiteTeamCountry "HUN"]
[BlackTeamCountry "HUN"]

1. d4 Nf6 2. c4 g6 3. Nc3 d5 4. Nf3 Bg7 5. e3 0-0 6. cxd5 Nxd5 7. Qb3 Nb6 8. Be2 a5 9. a4 Nc6 10. 0-0 Be6 11. Qd1 Qd7 12. b3 Rfd8 13. Bb2 Nb4 14. Ne4 Qe8 15. Nc5 Bc8 1/2-1/2

[Event "HUN-chT2 Charousek 1314"]
[Site "Hungary"]
[Date "2014.03.23"]
[Round "9"]
[White "Buzeti, Jernej"]
[Black "Centgraf, Jozsef"]
[Result "1-0"]
[WhiteElo "2241"]
[BlackElo "2218"]
[PlyCount "81"]
[EventDate "2013.09.08"]
[EventType "team-tourn"]
[EventRounds "11"]
[EventCountry "HUN"]
[SourceTitle "EXT 2016"]
[Source "ChessBase"]
[SourceDate "2015.10.08"]
[SourceVersion "1"]
[SourceVersionDate "2015.10.08"]
[SourceQuality "1"]
[WhiteTeam "Alsoszolnok"]
[BlackTeam "Budapest EAC"]
[WhiteTeamCountry "HUN"]
[BlackTeamCountry "HUN"]

1. e4 c5 2. Nf3 Nc6 3. Nc3 d6 4. d4 cxd4 5. Nxd4 Nf6 6. Bg5 Bd7 7. Qd2 a6 8. 0-0-0 e6 9. f3 Qa5 10. Be3 Nxd4 11. Bxd4 Be7 12. Kb1 Qc7 13. g4 b5 14. g5 Nh5 15. Bh3 b4 16. Ne2 h6 17. gxh6 Rxh6 18. Bxg7 Rh7 19. Bd4 Bb5 20. Ng3 a5 21. Nxh5 Rxh5 22. Bf1 Bc6 23. Rg1 Kd7 24. Rg7 Rf8 25. Qf2 Kc8 26. Bd3 Kb7 27. Rdg1 d5 28. e5 Rxe5 29. Bxe5 Qxe5 30. Qe2 Qd4 31. R7g4 Qh8 32. Bb5 Bc5 33. Bxc6+ Kxc6 34. Rc1 Kb6 35. c3 Rc8 36. cxb4 axb4 37. Qc2 d4 38. a3 bxa3 39. b4 a2+ 40. Kxa2 Ra8+ 41. Kb3 1-0

[Event "HUN-chT2 Charousek 1314"]
[Site "Hungary"]
[Date "2014.02.02"]
[Round "6"]
[White "Toth, Gergely1"]
[Black "Centgraf, Jozsef"]
[Result "1/2-1/2"]
[WhiteElo "2205"]
[BlackElo "2218"]
[PlyCount "30"]
[EventDate "2013.09.08"]
[EventType "team-tourn"]
[EventRounds "11"]
[EventCountry "HUN"]
[SourceTitle "EXT 2016"]
[Source "ChessBase"]
[SourceDate "2015.10.08"]
[SourceVersion "1"]
[SourceVersionDate "2015.10.08"]
[SourceQuality "1"]
[WhiteTeam "Paks ASE II"]
[BlackTeam "Budapest EAC"]
[WhiteTeamCountry "HUN"]
[BlackTeamCountry "HUN"]

1. e4 c5 2. Nf3 a6 3. c4 e6 4. d4 cxd4 5. Nxd4 Nf6 6. Nc3 Qc7 7. a3 Nc6 8. Be3 Ne5 9. Rc1 Neg4 10. Bg5 Bc5 11. f3 Qe5 12. Bxf6 gxf6 13. Nce2 Ne3 14. Qd3 Nxf1 15. Kxf1 b6 1/2-1/2

[Event "Budapest-chT1 Lilienthal 1314"]
[Site "Budapest"]
[Date "2013.11.24"]
[Round "4"]
[White "Centgraf, Jozsef"]
[Black "Kelemen, Gabor"]
[Result "0-1"]
[WhiteElo "2218"]
[BlackElo "2140"]
[PlyCount "68"]
[EventDate "2013.09.29"]
[EventType "team-tourn"]
[EventRounds "11"]
[EventCountry "HUN"]
[SourceTitle "EXT 2021"]
[Source "ChessBase"]
[SourceDate "2020.10.23"]
[SourceVersion "1"]
[SourceVersionDate "2020.10.23"]
[SourceQuality "1"]
[WhiteTeam "Budapest EAC III"]
[BlackTeam "Taban Spartacus II"]
[WhiteTeamCountry "HUN"]
[BlackTeamCountry "HUN"]

1. Nc3 d5 2. e4 dxe4 3. Nxe4 Nf6 4. Nxf6+ exf6 5. d4 Be7 6. Nf3 Bf5 7. Bd3 Bg6 8. Be3 Nc6 9. Bxg6 hxg6 10. c3 Qd6 11. Qd2 g5 12. d5 Ne5 13. Nxe5 Qxe5 14. h3 Rd8 15. 0-0-0 c6 16. Bxa7 Rxd5 17. Bd4 Qc7 18. c4 Ra5 19. Rhe1 c5 20. Bc3 Rxa2 21. Qe2 Ra6 22. Rd3 Re6 23. Qf3 Rxe1+ 24. Bxe1 0-0 25. Rb3 b6 26. g3 Bd6 27. Bd2 Rd8 28. h4 Be5 29. hxg5 Qd7 30. Be3 Qa4 31. Rxb6 Qxc4+ 32. Kb1 Qa4 33. Kc1 c4 34. Bd2 Rxd2 0-1

[Event "Budapest-chT1 Lilienthal 1314"]
[Site "Budapest"]
[Date "2013.09.29"]
[Round "1"]
[White "Centgraf, Jozsef"]
[Black "Keresztes, Balazs"]
[Result "0-1"]
[WhiteElo "2218"]
[BlackElo "2132"]
[PlyCount "80"]
[EventDate "2013.09.29"]
[EventType "team-tourn"]
[EventRounds "11"]
[EventCountry "HUN"]
[SourceTitle "EXT 2021"]
[Source "ChessBase"]
[SourceDate "2020.10.23"]
[SourceVersion "1"]
[SourceVersionDate "2020.10.23"]
[SourceQuality "1"]
[WhiteTeam "Budapest EAC III"]
[BlackTeam "Barcza GSC"]
[WhiteTeamCountry "HUN"]
[BlackTeamCountry "HUN"]

1. Nf3 d5 2. d4 Nf6 3. c4 e6 4. Nc3 dxc4 5. e3 a6 6. Bxc4 b5 7. Be2 Bb7 8. 0-0 Be7 9. a3 0-0 10. b4 Nbd7 11. Bb2 Nb6 12. Ne5 Bd6 13. Qc2 Rc8 14. Rfd1 Qe7 15. Bd3 Rfd8 16. Rac1 h5 17. h3 g5 18. Qe2 Nbd7 19. f4 g4 20. Nxd7 Rxd7 21. Rf1 Kh8 22. d5 Kg8 23. e4 e5 24. Nxb5 axb5 25. fxe5 Bxe5 26. Rf5 Bxb2 27. Qxb2 Nxd5 28. Re5 Qh4 29. exd5 gxh3 30. Rce1 f6 31. R1e4 Qg3 32. Re3 Qxg2+ 33. Qxg2+ hxg2 34. Rxh5 Rxd5 35. Rg3+ Kf7 36. Rxd5 Bxd5 37. Bxb5 Rh8 38. Kf2 Rh1 39. Bd3 Ra1 40. Be2 f5 0-1

[Event "Budapest-chT1 Lilienthal 1213"]
[Site "Budapest"]
[Date "2013.02.03"]
[Round "7"]
[White "Szepes, Tamas"]
[Black "Centgraf, Jozsef"]
[Result "1/2-1/2"]
[WhiteElo "2228"]
[BlackElo "2226"]
[PlyCount "72"]
[EventDate "2012.09.30"]
[EventType "team-tourn"]
[EventRounds "11"]
[EventCountry "HUN"]
[SourceTitle "EXT 2019"]
[Source "ChessBase"]
[SourceDate "2018.10.10"]
[SourceVersion "1"]
[SourceVersionDate "2018.10.10"]
[SourceQuality "1"]
[WhiteTeam "Budapest RAC"]
[BlackTeam "Sarkany II"]
[WhiteTeamCountry "HUN"]
[BlackTeamCountry "HUN"]

1. d4 Nf6 2. c4 e6 3. g3 Bb4+ 4. Bd2 Bxd2+ 5. Nxd2 d5 6. Bg2 0-0 7. Ngf3 Nbd7 8. Rc1 c6 9. 0-0 Re8 10. Qc2 e5 11. cxd5 Nxd5 12. e4 N5f6 13. dxe5 Nxe5 14. Nxe5 Rxe5 15. Rfd1 Re7 16. Nc4 Qc7 17. Ne3 Qb6 18. e5 Ne8 19. Nc4 Qc7 20. Be4 g6 21. f4 Bg4 22. Rd2 f6 23. Ne3 Qb6 24. Qc5 Qxc5 25. Rxc5 Be6 26. Bb1 fxe5 27. Rxe5 Ng7 28. Ng4 Kf7 29. Nf2 Bd5 30. Nd3 Rae8 31. Rxe7+ Rxe7 32. Kf2 a5 33. Ne5+ Kf6 34. Ng4+ Kf7 35. Ne5+ Kf6 36. Ng4+ Kf7 1/2-1/2

[Event "HUN-chT2 Erkel 1112"]
[Site "Hungary"]
[Date "2012.02.19"]
[Round "6.4"]
[White "Ritter, Gabor"]
[Black "Centgraf, Jozsef"]
[Result "1/2-1/2"]
[WhiteElo "2088"]
[BlackElo "2262"]
[PlyCount "80"]
[EventDate "2011.09.25"]
[EventType "team-tourn"]
[EventRounds "11"]
[EventCountry "HUN"]
[SourceTitle "EXT 2013"]
[Source "ChessBase"]
[SourceDate "2012.11.22"]
[SourceVersion "1"]
[SourceVersionDate "2012.11.22"]
[SourceQuality "1"]
[WhiteTeam "Vizugy"]
[BlackTeam "Sarkany"]
[WhiteTeamCountry "HUN"]
[BlackTeamCountry "HUN"]

1. d4 Nf6 2. c4 e6 3. Nf3 d5 4. g3 c5 5. cxd5 exd5 6. Bg2 Nc6 7. 0-0 Be7 8. Nc3 0-0 9. Bg5 c4 10. Ne5 Be6 11. Nxc4 dxc4 12. Bxf6 Bxf6 13. d5 Qb6 14. Na4 Qa5 15. dxc6 Rad8 16. Qc2 Rd2 17. Qc1 bxc6 18. Nc3 Bxc3 19. Qxc3 Qxc3 20. bxc3 Rxe2 21. Bxc6 Rb8 22. Kg2 Rc2 23. Rfc1 Rbb2 24. Rxc2 Rxc2 25. Rb1 g6 26. a4 Rxc3 27. Rb7 a6 28. Rb6 Rb3 29. Rxa6 c3 30. Be4 Rb4 31. Kf3 Rc4 32. Bc2 Rb4 33. Ra5 Rb2 34. Bd3 c2 35. Rc5 Rb3 36. Ke2 Ra3 37. Bxc2 Ra2 38. Kd3 Bf5+ 39. Kd2 Bxc2 40. Rxc2 Rxa4 1/2-1/2

[Event "HUN-chT2 Erkel 1112"]
[Site "Hungary"]
[Date "2011.10.30"]
[Round "2.5"]
[White "Frink, Ferenc"]
[Black "Centgraf, Jozsef"]
[Result "1/2-1/2"]
[WhiteElo "2250"]
[BlackElo "2262"]
[PlyCount "24"]
[EventDate "2011.09.25"]
[EventType "team-tourn"]
[EventRounds "11"]
[EventCountry "HUN"]
[SourceTitle "EXT 2013"]
[Source "ChessBase"]
[SourceDate "2012.11.22"]
[SourceVersion "1"]
[SourceVersionDate "2012.11.22"]
[SourceQuality "1"]
[WhiteTeam "Matra"]
[BlackTeam "Sarkany"]
[WhiteTeamCountry "HUN"]
[BlackTeamCountry "HUN"]

1. e4 c6 2. a3 g6 3. d4 d5 4. e5 h5 5. Bd3 Nh6 6. Ne2 Bf5 7. Bxh6 Bxh6 8. Bxf5 gxf5 9. Ng3 e6 10. Nxh5 Nd7 11. h4 Rg8 12. g3 c5 1/2-1/2

[Event "HUN-chT2 Breyer 1011"]
[Site "Hungary"]
[Date "2011.05.15"]
[Round "11.2"]
[White "Centgraf, Jozsef"]
[Black "Rosta, Sandor"]
[Result "1/2-1/2"]
[WhiteElo "2296"]
[BlackElo "2137"]
[PlyCount "73"]
[EventDate "2010.09.12"]
[EventType "team-tourn"]
[EventRounds "11"]
[EventCountry "HUN"]
[SourceTitle "EXT 2012"]
[Source "ChessBase"]
[SourceDate "2011.11.24"]
[SourceVersion "1"]
[SourceVersionDate "2011.11.24"]
[SourceQuality "1"]
[WhiteTeam "Sarkany"]
[BlackTeam "Szazhalombatta"]
[WhiteTeamCountry "HUN"]
[BlackTeamCountry "HUN"]

1. Nf3 Nf6 2. g3 c5 3. Bg2 Nc6 4. 0-0 g6 5. d3 Bg7 6. e4 d6 7. Nc3 0-0 8. a4 e5 9. h3 Nd4 10. Nxd4 cxd4 11. Ne2 Be6 12. f4 Qd7 13. g4 exf4 14. Bxf4 h5 15. g5 Ne8 16. h4 Rc8 17. c4 dxc3 18. bxc3 Bxc3 19. Nxc3 Rxc3 20. Qd2 Rc8 21. Be3 b6 22. a5 b5 23. a6 Rc6 24. Qb2 Nc7 25. Qf6 Ne8 26. Qd4 Bh3 27. Ra2 Bxg2 28. Rxg2 Rxa6 29. Ra1 Rxa1+ 30. Qxa1 d5 31. Bc5 Nd6 32. Qf6 Ne8 33. Qd4 Nc7 34. Bxf8 Kxf8 35. Qh8+ Ke7 36. Qf6+ Kf8 37. Qh8+ 1/2-1/2